000 00621nam a2200181Ia 4500
008 100917s9999 xx 000 0 und d
082 _b30277
100 _aदेवकुळे ज. ग.
245 _aमृदुनि कुसुमादपि आणि इतर कथा
260 _bवरदा बुक्स
_c1976
300 _a199
365 _b0
520 _aकथा
630 _aमृदुनि कुसुमादपि आणि इतर कथा
650 _aकथा
730 _aमृदुनि कुसुमादपि आणि इतर कथा
942 _cBOOK
999 _c635671
_d635668